000 00508nam a22001697a 4500
005 20251108124854.0
008 251108b |||||||| |||| 00| 0 eng d
020 _a9780070149571
050 _aTL210
_b.C7
100 _aCrouse, William H.
245 _aAutomotive Engines
_cWilliam H. Crouse & Donald L. Anglin
250 _a7th ed.
260 _aLake Forest, Illinois
_bGlencoe/ Macmillan/McGraw-Hill
_c1992
300 _aix. 374p.
_bill.
_c28cm
700 _aAnglin, Donald L.
942 _2lcc
_cBK
_e7th ed.
_n0
999 _c8153
_d8153